00357nam a2200157Ia 4500008004100000020001400041245003100055245001600086260001500102260001600117260000900133300001400142300002500156300001000181500000800191170705s9999 xx 000 0 und d a590996398 aArthur's teacher trouble / cMarc Brown. aNew York : bScholastic, c1986 aunpaged : bcolor illustration ; c25cm. a400